Анализ методик оценки рисков использования пластиковых карт; Прогрессивные технологии и экономика в машиностроении

التفاصيل البيبلوغرافية
Parent link:Прогрессивные технологии и экономика в машиностроении.— 2013.— [С. 196-200]
المؤلف الرئيسي: Давыденко Н. В.
مؤلف مشترك: Национальный исследовательский Томский политехнический университет (ТПУ) Юргинский технологический институт (филиал) (ЮТИ) Кафедра информационных систем (ИС)
مؤلفون آخرون: Чернышёва Т. Ю. Татьяна Юрьевна (научный руководитель)
الملخص:Заглавие с экрана
اللغة:الروسية
منشور في: 2013
سلاسل:Автоматизация и информатизация на производстве и в образовательном процессе
الموضوعات:
الوصول للمادة أونلاين:http://www.lib.tpu.ru/fulltext/c/2013/C57/090.pdf
التنسيق: الكتروني فصل الكتاب
KOHA link:https://koha.lib.tpu.ru/cgi-bin/koha/opac-detail.pl?biblionumber=606079

MARC

LEADER 00000naa2a2200000 4500
001 606079
005 20231101132402.0
035 |a (RuTPU)RU\TPU\conf\3442 
035 |a RU\TPU\conf\3418 
090 |a 606079 
100 |a 20140516d2013 k y0rusy50 ca 
101 0 |a rus  |g rus 
102 |a RU 
105 |a y z 100zy 
135 |a drcn ---uucaa 
181 0 |a i  
182 0 |a b 
200 1 |a Анализ методик оценки рисков использования пластиковых карт  |f Н. В. Давыденко  |g науч. рук. Т. Ю. Чернышёва 
203 |a Текст  |c электронный 
215 |a 1 файл(315 Кб) 
225 1 |a Автоматизация и информатизация на производстве и в образовательном процессе 
230 |a Электронные текстовые данные (1 файл: 315 Кб) 
300 |a Заглавие с экрана 
320 |a [Библиогр.: с. 200 (6 назв.)] 
337 |a Adobe Reader 
463 1 |0 (RuTPU)RU\TPU\conf\2057  |t Прогрессивные технологии и экономика в машиностроении  |o сборник трудов IV Всероссийской научно-практической конференции с элементами научной школы для студентов и учащейся молодежи, 4-6 апреля 2013 года, Юрга  |f Национальный исследовательский Томский политехнический университет (ТПУ), Юргинский технологический институт (ЮТИ) ; отв. за вып. Д. А. Чинахов  |v [С. 196-200]  |d 2013 
610 1 |a электронный ресурс 
610 1 |a труды учёных ТПУ 
610 1 |a оценочные показатели 
610 1 |a риски 
610 1 |a пластиковые карты 
700 1 |a Давыденко  |b Н. В. 
702 1 |a Чернышёва  |b Т. Ю.  |c специалист в области информационных технологий  |c доцент Юргинского технологического института (филиала) Томского политехнического университета  |g Татьяна Юрьевна  |2 stltpush  |4 727 
712 0 2 |a Национальный исследовательский Томский политехнический университет (ТПУ)  |b Юргинский технологический институт (филиал) (ЮТИ)  |b Кафедра информационных систем (ИС)  |h 1492  |2 stltpush  |3 (RuTPU)RU\TPU\col\18893 
801 1 |a RU  |b 63413507  |c 20101016 
801 2 |a RU  |b 63413507  |c 20140516  |g RCR 
856 4 |u http://www.lib.tpu.ru/fulltext/c/2013/C57/090.pdf 
942 |c BK